000
00263nam a2200109Ia 4500
005
20251222114359.0
008
251222s1900||||xx |||||||||||||| ||spa||
082
_a
DVD0070 K29/1954/Ej.2
245
0
_a
La ley del silencio
264
_b
Columbia Pictures
942
_c
DVD
999
_c
1542
_d
1542